Information flow between primary journals and secondary services in the biological field /

Saved in:
Bibliographic Details
Main Author: Landau, N.
Other Authors: Weiss, R. B.
Format: Book
Language:English
Published: [Reading] : The Library, University of Reading, 1976.
Series:British Library research & development reports ; no. 5239.
Subjects:
LEADER 01213nam a2200277 i 4500
001 c000239647
003 CARM
005 00000000000000.0
008 840305s1976 enk 0 eng d
019 1 |a 10210832  |5 LACONCORD2021 
020 |a 0704904764 
035 |a (OCoLC)3488049  |5 LACONCORD2021 
082 0 4 |a 025.06574 
100 1 |a Landau, N. 
245 1 0 |a Information flow between primary journals and secondary services in the biological field /  |c N. Landau and R.B. Weiss. 
260 |a [Reading] :  |b The Library, University of Reading,  |c 1976. 
300 |a 89p. 
490 1 |a Research and development reports ;  |v no.5239 
500 |a Final report to the Institut fur Dokumentationswesen, Germany, and the British Library Research & Development Dept. on Project SI/G/114, 1974-1975. 
504 |a Bibliography: p.68-69. 
650 0 |a Biology  |x Information services. 
700 1 |a Weiss, R. B. 
830 0 |a British Library research & development reports ;  |v no. 5239. 
852 8 |b CARM  |h A2:AF26H0  |i F01230  |p 0329524  |f BK 
999 f f |i c73b9020-223b-5875-a735-cce5afa65f6a  |s 3a0b9a4d-ab55-53bf-94c6-93c0bde6f2b4 
952 f f |p Can circulate  |a CAVAL  |b CAVAL  |c CAVAL  |d CARM 1 Store  |e F01230  |f A2:AF26H0  |h Other scheme  |i book  |m 0329524